000 00515pab a2200193 454500
008 180718b2014 xxu||||| |||| 00| 0 eng d
100 _aConnolly, Michael
245 _aTrends in the governance of education in the UK
260 _c2014
300 _ap.888-892.
362 _aDec
650 _aEducational management - Great Britain
650 _aEducational management
700 _aJames, Chris
700 _aFarrell, Catherine
773 _aLocal Government Studies
908 _aN
909 _a106699
999 _c106694
_d106694